00265nam a2200073Ia 4500008004100000245006500041650002300106856006200129160617s9999 xx 000 0 und d aEAI Endorsed Transactions on Pervasive Health and Technology aMEDICAL TECHNOLOGY uhttp://eai.eu/transaction/pervasive-health-and-technology